Statistics for Countries that are Neutral

Click here to take the quiz!

General Stats

  • This quiz has been taken 486 times
  • The average score is 16 of 31

Answer Stats

Form of NeutralityCountry% Correct
Neutral (Present-Day)Switzerland
97%
Neutral (Present-Day)Sweden
87%
Neutral (Present-Day)Finland
83%
Formerly NeutralNorway
77%
Neutral (Present-Day)Austria
73%
Neutral (Present-Day)Liechtenstein
73%
Formerly NeutralDenmark
70%
Formerly NeutralIreland
68%
Neutral (Present-Day)Vatican City
67%
Formerly NeutralLuxembourg
64%
Formerly NeutralBelgium
62%
Neutral (Present-Day)San Marino
62%
Formerly NeutralNetherlands
61%
Formerly NeutralPortugal
60%
Formerly NeutralSpain
58%
Formerly NeutralEstonia
49%
Formerly NeutralLatvia
49%
Formerly NeutralLithuania
48%
Neutral (Present-Day)Malta
47%
Formerly NeutralUnited States
44%
Claims to be NeutralMexico
42%
Formerly NeutralHungary
39%
Formerly NeutralTurkey
39%
Formerly NeutralUkraine
37%
Claims to be NeutralSerbia
34%
Neutral (Present-Day)Costa Rica
33%
Claims to be NeutralMoldova
31%
Formerly NeutralCambodia
20%
Formerly NeutralLaos
20%
Neutral (Present-Day)Turkmenistan
18%
Claims to be NeutralGhana
10%

Score Distribution

Percentile by Number Answered

Percent of People with Each Score

Your Score History

You have not taken this quiz